000 00443nam a2200169Ia 4500
003 GCL
008 140319s9999 xx 000 0 eng d
040 _aGCL /
_cGCL
082 0 4 _aCC
_b823.914
_bB W
100 1 _aBARBER, NOEL
245 1 0 _aA WOMAN OF CAIRO /
_cBARBER, NOEL
260 _a[S.N] :
_bCORONET BOOKS- HODDER AND STOUGHTON ،
_c1992
300 _a672 P
650 0 4 _aENGLISH FICTION
650 0 4 _aMODERN EGYPT
942 _2ddc
_cBK
999 _c11615
_d11615